000
00316nam a2200121Ia 4500
008
220204s9999 xx 000 0 und d
082
_a
57(26)
_b
MCC
100
_a
MCCONNAUGHEY, Bayard H
245
0
_a
Introduction to marine biology
260
_a
Saint Louis
_b
CV Mosby
_c
1970
650
_a
Marine biology
942
_c
BK
999
_c
23757
_d
23757